| 000 | 00475nam a22001697a 4500 | ||
|---|---|---|---|
| 999 |
_c163975 _d163975 |
||
| 005 | 20190507174349.0 | ||
| 010 | _aB-274888 | ||
| 020 |
_a8180542890 _c410.00 |
||
| 035 | _aB-274888 | ||
| 037 | _bSultan Chand {And} Song | ||
| 082 | _a657.425 | ||
| 100 | _aSaxena, V.K. | ||
| 245 |
_aCost accounting _cV.K. Saxena |
||
| 260 |
_aNew Delhi _bSultan Chand And Song _c2005 |
||
| 300 |
_a486p (it include index) _c24cm (hbk) |
||
| 942 |
_2ddc _cEN _h657.425 _mSAX |
||